Statistiques concernant Les stages de Splatoon

Cliquez ici pour prendre le quiz!

Statistiques générales

  • Ce quiz a été pris 25 fois
    (21 depuis la dernière actualisation)
  • Le résultat moyen est 12 sur 35

Statistiques - réponses

HintRéponse% Correct
Mine Marine
80%
Lotissement Filament
70%
Tours Girelle
70%
Encrepôt
60%
Piste Méroule
60%
Pont Esturgeon
60%
Skatepark Mako
60%
SplatoonPassage Turbot
50%
Station Doucebrise
50%
Splatoon 2Allées Salées
40%
Club Ca$halot
40%
Gymnase Ancrage
40%
Hippo-Camping
40%
Manta Maria
40%
Parc Carapince
40%
Serre Goémon
40%
Splatoon 3Canyon aux colonnes
30%
Carrière Caviar
30%
Docks Haddock
30%
Hotêl Atoll
30%
Scène Sirène
30%
Stade Bernique
30%
Supermarché Cétacé
30%
Canalamar
20%
Casse Rascasse
20%
Centre Arowana
20%
Galeries Guppy
20%
Institut Calam'arts
20%
Lagune aux gobies
20%
Réservoir Rigadelle
20%
Banlieue Balibot
10%
Chantier Narval
10%
Ruines Um'ami
10%
Sources Sauret
10%
Tentatec Studio
10%

Distribution des résultats

Percentile par nombre de réponses

% des personnes avec chaque résultat

Votre développement - résultats

Vous n’avez pas pris ce quiz depuis la dernière actualisation